Washington State Geography - Statistics

General Stats
  • This quiz has been taken 1,781 times
  • The average score is 15 of 21
Answer Stats
Hint Answer % Correct
U.S. states that border Washington Oregon
97%
Three biggest cities by population Seattle
97%
U.S. states that border Washington Idaho
95%
Capital city Olympia
92%
Volcano that erupted in 1980 Mount St. Helens
91%
Canadian province that borders Washington British Columbia
89%
Washington's capital and largest city are located on this body of water {Puget} Sound
89%
Three tallest mountains Mount Rainier
82%
Mountain range of the above four mountains Cascades
79%
Three biggest cities by population Spokane
78%
Longest river Columbia River
76%
Three biggest cities by population Tacoma
76%
Washington's #1 agricultural product Apples
71%
Name one type of salmon native to Washington King, Coho, Pink, Chum, or Sockeye
68%
Biggest dam Grand {Coulee} Dam
61%
National park where Hoh rainforest and Hurricane ridge can be found Olympic National Park
61%
Island group that includes Lopez and Orcas islands San Juans
58%
Three tallest mountains Mount Baker
51%
Three tallest mountains Mount Adams
43%
Biggest lake Lake Chelan
34%
The above is part of this "sea" {Salish} Sea
28%
No matching quizzes found
Score Distribution
Percent of People with Each Score
Percentile by Number Answered
Your Score History
You have not taken this quiz